Maintenance of soil fertility in the permanent cultivation of Hevea brasiliensis in Malaya (Record no. 62365)

MARC details
000 -LEADER
fixed length control field 00404nam a2200145Ia 4500
100 ## - MAIN ENTRY--AUTHOR NAME
Personal name Watson G A
245 #0 - TITLE STATEMENT
Title Maintenance of soil fertility in the permanent cultivation of Hevea brasiliensis in Malaya
260 ## - PUBLICATION, DISTRIBUTION, ETC. (IMPRINT)
Name of publisher Planter
Year of publication 1965
300 ## - PHYSICAL DESCRIPTION
Number of Pages 143-150
650 ## - SUBJECT ADDED ENTRY--TOPICAL TERM
Topical Term Hevea brasiliensis
650 ## - SUBJECT ADDED ENTRY--TOPICAL TERM
Topical Term Malaya
650 ## - SUBJECT ADDED ENTRY--TOPICAL TERM
Topical Term Soil fertility
942 ## - ADDED ENTRY ELEMENTS (KOHA)
Koha item type Journals
Holdings
Withdrawn status Lost status Damaged status Not for loan Home library Current library Shelving location Date acquired Serial Enumeration / chronology Koha item type
      Journals RRII Library RRII Library Soils and agonomy 17/12/2021 Volume 41, Issue 2 Journals